000 00701cam a22002413a 4500
001 31068
003 PGUSA
005 20140828083655.0
008 100125s2010||||xxu|||||s|||||000 | eng d
040 _aPGUSA
_beng
042 _adc
050 4 _aE300
100 1 _aBrown, William Garrott,
_d1868-1913
245 1 0 _aAndrew Jackson
_h[electronic resource] /
_cWilliam Garrott Brown
260 _bProject Gutenberg,
_c2010
506 _aPublic domain in the USA.
516 _aElectronic text
653 _aPresidents -- United States -- Biography
653 _aJackson, Andrew, 1767-1845
830 0 _aProject Gutenberg
_v31068
856 4 0 _uhttp://www.gutenberg.org/ebooks/31068
942 _cEB
999 _c260323
_d260323